Normal view
MARC view
Entry Personal Name
001 - CONTROL NUMBER
- control field: 83303
003 - CONTROL NUMBER IDENTIFIER
- control field: dpl
005 - DATE AND TIME OF LATEST TRANSACTION
- control field: 20250724145538.0
008 - FIXED-LENGTH DATA ELEMENTS
- fixed length control field: 250724|| aca||aabn | a|a d
040 ## - CATALOGING SOURCE
- Original cataloging agency: dpl
- Transcribing agency: dpl
100 ## - HEADING--PERSONAL NAME
- Personal name: काम्बोज, वेदप्रकाश
670 ## - SOURCE DATA FOUND
- Source citation: Work cat.: (dpl)212580: काम्बोज, वेदप्रकाश, ग़ालिब बदनाम/, 2024
